Culture Générale - Série 2276 - Statistiques

Statistiques générales
  • Ce quiz a été pris 143 fois
  • Le résultat moyen est 4 sur 10
Statistiques - réponses
Question Réponse % Correct
Rassemblement autour de la musique électronique underground, habituellement organisé en pleine nature, ou dans des lieux déserts rave
74%
Complétez le titre du roman de Bernardin de Saint-Pierre " Paul et .... Virginie
66%
Complétez le titre du roman de Balzac : "La cousine..." Bette
46%
De quel pays Gitega est-elle la capitale ? voir drapeau Burundi
46%
Quel anglicisme désigne une embarcation gonflable insubmersible utilisée pour la descente des rapides ? raft
46%
Qui a écrit "Jacques le fataliste" ? prénom et nom Denis Diderot
37%
Comment s'appelait le port de la Rome antique ? Ostie
24%
Aux romans de quel écrivain, Marcel Pagnol a-t-il emprunté des sujets adaptés pour le cinéma ? prénom et nom Jean Giono
21%
A quel poète français Jeanne Duval est-elle associée ? prénom et nom Charles Baudelaire
19%
Dans le roman "Les misérables", dans quelle ville Jean Valjean rencontre-t-il Monseigneur Myriel ? Digne
14%
Aucun quiz correspondant
Distribution des résultats
% des personnes avec chaque résultat
Percentile par nombre de réponses
Votre historique - résultats
Vous n’avez pas pris ce quiz